CURRENT ISSUES IN BUSINESS ETHICS (Record no. 216617)
[ view plain ]
| 000 -LEADER | |
|---|---|
| fixed length control field | 00492nam a22001817a 4500 |
| 008 - FIXED-LENGTH DATA ELEMENTS--GENERAL INFORMATION | |
| fixed length control field | 260224b |||||||| |||| 00| 0 eng d |
| 020 ## - INTERNATIONAL STANDARD BOOK NUMBER | |
| International Standard Book Number | 978-0-415-12450-8 |
| 050 ## - LIBRARY OF CONGRESS CALL NUMBER | |
| Classification number | HF 5387 .C87 1997 |
| Item number | 1 |
| 100 ## - MAIN ENTRY--PERSONAL NAME | |
| Personal name | DAVIES, PETER W.F |
| 245 ## - TITLE STATEMENT | |
| Title | CURRENT ISSUES IN BUSINESS ETHICS |
| 260 ## - PUBLICATION, DISTRIBUTION, ETC. | |
| Place of publication, distribution, etc. | LONDON |
| Name of publisher, distributor, etc. | ROUTLEDGE |
| Date of publication, distribution, etc. | 1997 |
| 300 ## - PHYSICAL DESCRIPTION | |
| Extent | INDEX |
| 500 ## - GENERAL NOTE | |
| General note | XI , 204P |
| 650 ## - SUBJECT ADDED ENTRY | |
| Topical term or geographic name entry element | CURRENT ISSUES IN BUSINESS ETHICS |
| 700 ## - ADDED ENTRY--PERSONAL NAME | |
| Personal name | DAVIES ,PETER W.F |
| 942 ## - ADDED ENTRY ELEMENTS (KOHA) | |
| Source of classification or shelving scheme | Library of Congress Classification |
| Koha item type | Long Loan Book |
| Withdrawn status | Lost status | Source of classification or shelving scheme | Damaged status | Not for loan | Collection | Home library | Current library | Shelving location | Date acquired | Inventory number | Total checkouts | Full call number | Barcode | Date last seen | Copy number | Price effective from | Koha item type |
|---|---|---|---|---|---|---|---|---|---|---|---|---|---|---|---|---|---|
| Library of Congress Classification | Business & Economics | Kisii University Library | Kisii University Library | On Display | 02/24/2026 | 111358 | HF 5387 .87 1997 | A001349 | 02/24/2026 | C.1 | 02/24/2026 | Long Loan Book | |||||
| Library of Congress Classification | Business & Economics | Kisii University Library | Kisii University Library | On Display | 02/24/2026 | 111359 | HF 5387 .87 1997 | A001370 | 02/24/2026 | C.2 | 02/24/2026 | Long Loan Book | |||||
| Library of Congress Classification | Business & Economics | Kisii University Library | Kisii University Library | On Display | 02/24/2026 | 111360 | HF 5387 .C87 1997 | A001351 | 02/24/2026 | C.3 | 02/24/2026 | Long Loan Book | |||||
| Library of Congress Classification | Business & Economics | Kisii University Library | Kisii University Library | On Display | 02/24/2026 | 111361 | HF 5387 .C87 1997 | 02/24/2026 | C.4 | 02/24/2026 | Long Loan Book | ||||||
| Library of Congress Classification | Business & Economics | Kisii University Library | Kisii University Library | On Display | 02/24/2026 | 111362 | HF 5387 .C87 1997 | A001371 | 02/24/2026 | C.5 | 02/24/2026 | Long Loan Book | |||||
| Library of Congress Classification | Business & Economics | Kisii University Library | Kisii University Library | On Display | 02/24/2026 | 111361 | HF 5387 .C87 1997 | A001372 | 02/24/2026 | C.4 | 02/24/2026 | Long Loan Book |